| 000 | 00316 a2200145 4500 | ||
|---|---|---|---|
| 003 | Nust | ||
| 005 | 20170207153534.0 | ||
| 040 | _cNust | ||
| 082 | _a297.5 | ||
| 100 | _aNazar Mohammad, Chaudhry | ||
| 245 |
_aEhKamul Quran _c Chaudhry Nazar Mohammad |
||
| 260 |
_aLahore _bServce Indus |
||
| 300 | _a876 | ||
| 650 | _aQuran | ||
| 942 |
_2ddc _cBK |
||
| 999 |
_c188107 _d188107 |
||